| 000 | 01074cam a22002897a 4500 | ||
|---|---|---|---|
| 001 | 15682964 | ||
| 003 | EG-ScBUE | ||
| 005 | 20221023104812.0 | ||
| 008 | 090401t2009 sz ace f b 001 0 eng d | ||
| 020 | _a9783764399436 (alk. paper) | ||
| 020 | _a3764399430 (alk. paper) | ||
| 035 | _a(OCoLC)ocn471241908 | ||
| 040 |
_aAU@ _beng _erda _cAU@ _dBWX _dORU _dTEF _dYDXCP _dDLC _dEG-ScBUE |
||
| 082 | 0 | 4 |
_222 _a720.9 _bBJO |
| 100 | 1 |
_aBjone, Christian, _eauthor. _912544 |
|
| 245 | 1 | 0 |
_aArt and Architecture : _bstrategies in collaboration / _cChristian Bjone. |
| 264 | 1 |
_aBasel ; _aBoston : _bBirkhauser, _c[2009] |
|
| 264 | 4 | _cc2009 | |
| 300 |
_a192 pages : _billustrations (some color), portraits, plans ; _c31 cm |
||
| 504 | _aIncludes bibliographical references and index. | ||
| 650 | 7 |
_aArt and architecture _xHistory _y20th century. _2BUEsh _912545 |
|
| 650 | 7 |
_aArt and architecture _xHistory _y21st century. _2BUEsh _912546 |
|
| 653 | _bART | ||
| 655 | _vReading book | ||
| 942 |
_2ddc _cBB |
||
| 999 |
_c13647 _d13647 |
||